000 00558nam a2200193Ia 4500
005 20260120132137.0
008 008 260114s9999 xx 000 0 eng d
020 _a9780197707425
037 _aEBOOK
040 _aCRL
_beng
_cCRL
041 _aeng
_2eng
084 _qCRL
100 _aFleck
_9935459
245 0 _aJust Caring: Health Care Rationing and Democratic Deliberation
260 _bOxford University PressOxford University Press
_c2023
856 _uhttps://academic.oup.com/book/50805
942 _cEBOOK
999 _c1527382
_d1527382